000 00667nam a2200229Ia 4500
003 OSt
005 20220928113617.0
006 a|||||r|||| 00| 0
007 ta
008 220927b |||||||| |||| 00| 0 hin d
024 _a30025
037 _cReference Collections
040 _aSDCL
_cSDCL
_bhin
041 _2hin
_ahin
082 _aP152,4k, P0 RR
100 _aVerma Vanket
_9434044
245 0 _aHindi muhavare aur lokoctiyan
_b Arth aur pryog.
260 _aJodhpur
_bRajasthani Granth Gar
_c2000
300 _avii,225p
_ccm.
942 _hP152,4k, P0 RR
_cREF
_2CC
999 _c750438
_d750438